<?xml version="1.0" encoding="UTF-8"?>
<collection xmlns="http://www.loc.gov/MARC21/slim">
<record>
  <controlfield tag="001">167708</controlfield>
  <controlfield tag="005">20260121151441.0</controlfield>
  <datafield tag="037" ind1=" " ind2=" ">
    <subfield code="a">TAZ-TFG-2022-1017</subfield>
  </datafield>
  <datafield tag="041" ind1=" " ind2=" ">
    <subfield code="a">spa</subfield>
  </datafield>
  <datafield tag="100" ind1="1" ind2=" ">
    <subfield code="a">Marín Iriarte, Laura</subfield>
  </datafield>
  <datafield tag="242" ind1="0" ind2="0">
    <subfield code="a">Occupational balance in people with severe mental disorder: a program proposal for labour insertion</subfield>
  </datafield>
  <datafield tag="245" ind1="0" ind2="0">
    <subfield code="a">Equilibrio ocupacional en personas con trastorno mental grave: una propuesta de programa para la inserción laboral</subfield>
  </datafield>
  <datafield tag="260" ind1=" " ind2=" ">
    <subfield code="a">Zaragoza</subfield>
    <subfield code="b">Universidad de Zaragoza</subfield>
    <subfield code="c">2022</subfield>
  </datafield>
  <datafield tag="506" ind1=" " ind2=" ">
    <subfield code="a">by-nc-sa</subfield>
    <subfield code="b">Creative Commons</subfield>
    <subfield code="c">3.0</subfield>
    <subfield code="u">http://creativecommons.org/licenses/by-nc-sa/3.0/</subfield>
  </datafield>
  <datafield tag="520" ind1=" " ind2=" ">
    <subfield code="a">Hoy en día son muchas las personas que sufren trastornos mentales graves, cuyas consecuencias y dificultades provocan un desequilibrio ocupacional en las &lt;br />ocupaciones diarias (productividad, ocio y tiempo libre, autocuidado y, descanso y sueño). Siendo productividad la ocupación más demandada, y donde más&lt;br />dificultades se encuentran para la participación en la misma.&lt;br />Es por ello, que el objetivo principal del trabajo se enfocará en facilitar la inserción laboral en personas con trastorno mental grave en un empleo &lt;br />ordinario, a través de un programa de inserción totalmente enfocado a los destinatarios.&lt;br />La selección de participantes se realizará en un Centro de Día de Trastorno Mental Grave. El programa consistirá es una intervención conformada &lt;br />por cuatro fases durante las cuales se llevará a cabo un total de diecisiete sesiones, la duración de las mismas podrá ser variable según las necesidades. El modelo en el que se basará la intervención desde Terapia Ocupacional será el Modelo de Ocupación Humana (MOHO). Las escalas de valoración que se utilizarán para la evaluación previa y posterior serán: Escala de satisfacción con la ocupación diaria-equilibrio ocupacional (SOD-EO), Listado de Intereses, Cuestionario Ocupacional, Cuestionario de motivación para el trabajo (personas con trastorno mental grave), Escala de Impacto Ambiental del Trabajo (WEISS) e Inventario de Conducta Laboral (ICL).&lt;br />Es un programa complementario a los que se realizan en la actualidad. Además, se pretende favorecer el Equilibrio Ocupacional de las personas con Trastorno Mental Grave únicamente supliendo el déficit de participación en la ocupación de productividad.&lt;br />&lt;br /></subfield>
  </datafield>
  <datafield tag="521" ind1=" " ind2=" ">
    <subfield code="a">Graduado en Terapia Ocupacional</subfield>
  </datafield>
  <datafield tag="540" ind1=" " ind2=" ">
    <subfield code="a">Derechos regulados por licencia Creative Commons</subfield>
  </datafield>
  <datafield tag="700" ind1=" " ind2=" ">
    <subfield code="a">Puig Esteve, María Gema</subfield>
    <subfield code="e">dir.</subfield>
  </datafield>
  <datafield tag="710" ind1="2" ind2=" ">
    <subfield code="a">Universidad de Zaragoza</subfield>
    <subfield code="b">Fisiatría y Enfermería</subfield>
    <subfield code="c">Fisioterapia</subfield>
  </datafield>
  <datafield tag="856" ind1="0" ind2=" ">
    <subfield code="f">776109@unizar.es</subfield>
  </datafield>
  <datafield tag="856" ind1="4" ind2=" ">
    <subfield code="s">1673056</subfield>
    <subfield code="u">http://zaguan.unizar.es/record/167708/files/TAZ-TFG-2022-1017.pdf</subfield>
    <subfield code="y">Memoria (spa)</subfield>
  </datafield>
  <datafield tag="909" ind1="C" ind2="O">
    <subfield code="o">oai:zaguan.unizar.es:167708</subfield>
    <subfield code="p">driver</subfield>
    <subfield code="p">trabajos-fin-grado</subfield>
  </datafield>
  <datafield tag="950" ind1=" " ind2=" ">
    <subfield code="a"></subfield>
  </datafield>
  <datafield tag="980" ind1=" " ind2=" ">
    <subfield code="a">TAZ</subfield>
    <subfield code="b">TFG</subfield>
    <subfield code="c">EUCS</subfield>
  </datafield>
  <datafield tag="999" ind1=" " ind2=" ">
    <subfield code="a">20220531195203.CREATION_DATE</subfield>
  </datafield>
  <datafield tag="951" ind1=" " ind2=" ">
    <subfield code="a">deposita:2026-01-21</subfield>
  </datafield>
</record>
</collection>